000 00375nam a2200145Ia 4500
008 151213s9999 xx 000 0 und d
100 _aH.G . Wells
245 _aThe Invisible Man Thrillers
_cH.G . Wells
260 _aNew York
_bBaronet Books
300 _a3124 p.
650 _aEnglish Literature
650 _aEnglish Literature
700 _aH.G . Wells
999 _c2149
_d2149